Video Games by Picture: P - Statistics

General Stats
  • This quiz has been taken 106 times
  • The average score is 9 of 24
Answer Stats
Picture Answer % Correct
Pac-Man
94%
Plants vs Zombies
84%
Pokemon: Yellow
82%
Pong
79%
Portal 2
76%
Paper Mario
69%
Pepsiman
68%
Power Rangers: Battle for the Grid
60%
Prince of Persia: The Forgotten Sands
47%
PaRappa the Rapper
42%
Paperboy
38%
Pikmin 3
35%
Pitfall
28%
Prototype
26%
Psychonauts 2
24%
Planet Coaster
22%
Prey
19%
Perfect Dark
11%
Project Gotham Racing 3
9%
Parasite Eve 2
8%
Phantasy Star Online 2
5%
Pandemonium!
4%
Porsche Challenge
4%
Painkiller: Hell & Damnation
2%
No matching quizzes found
Score Distribution
Percent of People with Each Score
Percentile by Number Answered
Your Score History
You have not taken this quiz